Así de frágil es la cosa

Αποθηκεύτηκε σε:
Λεπτομέρειες βιβλιογραφικής εγγραφής
Κύριος συγγραφέας: Hopenhayn, Martín (Συγγραφέας)
Μορφή: Βιβλίο
Γλώσσα:Ισπανικά
Έκδοση: Buenos Aires Norma 1999
Σειρά:Colección La Pequeña Biblioteca
Θέματα:
Ετικέτες: Προσθήκη ετικέτας
Δεν υπάρχουν, Καταχωρήστε ετικέτα πρώτοι!

MARC

LEADER 00000nam a2200000 a 4500
001 UCN7682
003 CL-VaPUC
008 011019e19990000AG |||||||||||||||||spa|d
082 0 4 |a 398.9  |b HOP  |2 21 
100 |a Hopenhayn, Martín  |e author  |9 599499 
245 1 0 |a Así de frágil es la cosa 
300 |a 118 p 
942 |c BK 
945 |d 20011019 00:00:00  |a rbrito 
260 |a Buenos Aires  |b Norma  |c 1999 
650 0 |a Aforismos   |9 369442 
650 7 |a PENSAMIENTOS  |2 CL-VaPUC  |9 378316 
583 |a last modification  |c 20011019 00:00:00  |k Rodrigo Vera 
490 0 |a Colección La Pequeña Biblioteca 
999 |c 297897  |d 297895 
952 |0 0  |1 0  |4 0  |6 398_900000000000000_HOP_1999  |7 0  |8 A  |9 352940  |a BIBEDU  |b BIBEDU  |d 2019-11-21  |i 3669203  |o 398.9 HOP 1999  |p 3669203  |r 2019-11-21  |w 2019-11-21  |y BK  |k BME